logo

Bir Sreshtho Munshi Abdur Rouf Library
Jhenaidah Cadet College

The magic of chemistry / (Record no. 8316)

MARC details
000 -LEADER
fixed length control field 00657cam a2200241 a 4500
001 - CONTROL NUMBER
JCCL Control Number 8316
003 - CONTROL NUMBER IDENTIFIER
JCCL marc code BD-JhCC
005 - DATE AND TIME OF LATEST TRANSACTION
control field 20180627095606.0
008 - FIXED-LENGTH DATA ELEMENTS--GENERAL INFORMATION
fixed length control field 870609s1956 enka 000 0 eng d
035 ## - SYSTEM CONTROL NUMBER
system control number (BD-JhCC)8316
035 ## - SYSTEM CONTROL NUMBER
system control number 2443794
040 ## - CATALOGING SOURCE
Original cataloging agency AUC
Transcribing agency AUC
Modifying agency ANL
-- BD-JhCC
041 ## - LANGUAGE CODE
Language code of Book eng
050 #4 - LIBRARY OF CONGRESS CALL NUMBER
Classification number QD33
Item number .M35 1956
082 ## - DEWEY DECIMAL CLASSIFICATION NUMBER
Author mark and Year MCK 1956
Classification number 540
100 1# - MAIN ENTRY--PERSONAL NAME
Personal name McKay, Herbert,
Dates associated with a name 1881-
245 14 - TITLE STATEMENT
Title The magic of chemistry /
Statement of responsibility, etc Herbert McKay ; illustrated with diagrams by F. Nellis Mann.
260 ## - PUBLICATION, DISTRIBUTION, ETC. (IMPRINT)
Place of publication, distribution, etc London :
Name of publisher, distributor, etc Oxford Univeresity Press,
Date of publication, distribution, etc 1956.
300 ## - PHYSICAL DESCRIPTION
Pagination 168 p. :
Other physical details ill.
650 #0 - SUBJECT ADDED ENTRY--TOPICAL TERM
Topical term or geographic name as entry element Chemistry.
942 ## - ADDED ENTRY ELEMENTS (KOHA)
Source of classification or shelving scheme Dewey Decimal Classification
Koha item type Books
Holdings
Source of classification or shelving scheme Damaged status Not for loan Home library Current library Shelving location Total Checkouts Full call number Barcode Date last seen Copy number Koha item type
Dewey Decimal Classification     JCC Rouf Library JCC Rouf Library General Stacks   540 MCK 1956 10949 02/22/2018 C - 1 Books
Dewey Decimal Classification     JCC Rouf Library JCC Rouf Library General Stacks   540 MCK 1956 10948 02/22/2018 C - 2 Books
Dewey Decimal Classification     JCC Rouf Library JCC Rouf Library General Stacks   540 MCK 1956 10943 03/05/2018 C - 3 Books

JCC Library | Contacts | JCC Home

Last Update on 23 September 2017
Copyright @ 2017-2020 JCC Rouf Library
Rouf Library, Jhenidah Cadet College (JCC), Bangladesh